Facts about Bath (UK) Quiz Stats

Quiz not verified by Sporcle

Challenge
Share
Tweet
Embed
Score 0/20 Timer 06:00
0 Plays Today
Hint Answer % Correct
Bath is located in which English county?Somerset
94.6%
How many universities does the city have?Two
85.3%
On which river does Bath stand?River Avon
72.1%
William Herschel discovered which planet from his home in Bath?Uranus
70.5%
What is Bath's chief railway station called?Bath Spa
65.1%
Where do Bath Rugby play their home games?Recreation Ground
56.6%
Which bridge is famous for having shops along it?Pulteney Bridge
48.8%
What was the Roman name for Bath?Aquae Sulis
38.8%
Bath is at the southern edge of which range of hills?Cotswolds
35.7%
In which league do Bath City FC play?Conference South
28.7%
Hint Answer % Correct
In which year did the city become a UNESCO World Heritage Site?1987
28.7%
Which Jane Austen book is set in the city?Persuasion
27.1%
Which television chef has been given Freedom of the City of Bath?Mary Berry
23.3%
Which hill that overlooks Bath is also the name of a song by Peter Gabriel?Solsbury Hill
20.2%
Which tower overlooks the city from Lansdown Hill?Beckford's Tower
18.6%
Which architect instigated Bath's Georgian revival?John Wood
17.1%
Which king of England was coronated at Bath in 973?Edgar I
16.3%
Which new-wave band hails from Bath?Tears For Fears
15.5%
Which legendary British king is said to have founded Bath?Bladud
14.7%
Which monarch frequented Bath's baths to help relieve gout?Queen Anne
10.1%

You're not logged in!

Compare scores with friends on all Sporcle quizzes.
Sign Up with Email
OR
Log In

You Might Also Like...

Show Comments

Extras

Top Quizzes Today


Score Distribution

Your Account Isn't Verified!

In order to create a playlist on Sporcle, you need to verify the email address you used during registration. Go to your Sporcle Settings to finish the process.

Report this User

Report this user for behavior that violates our Community Guidelines.

Details: